Normal view
MARC view
- TCC-4
Entry Geographic Name
001 - CONTROL NUMBER
- control field: 131746
003 - CONTROL NUMBER IDENTIFIER
- control field: NUST
005 - DATE AND TIME OF LATEST TRANSACTION
- control field: 20251110134037.0
008 - FIXED-LENGTH DATA ELEMENTS
- fixed length control field: 251110|| aca||aabn | a|a d
040 ## - CATALOGING SOURCE
- Original cataloging agency: NUST
- Transcribing agency: NUST
151 ## - HEADING--GEOGRAPHIC NAME
- Geographic name: TCC-4
670 ## - SOURCE DATA FOUND
- Source citation: Work cat.: (NUST)215415: Ullah, CSUO Saif (TCC-4) 131745, Travelling wave aerial for an/ PRC-77 /, 1996
